Normal view
MARC view
- Schwartz, Donald R.
Entry Personal Name
001 - CONTROL NUMBER
- control field: 21692
003 - CONTROL NUMBER IDENTIFIER
- control field: NUST
005 - DATE AND TIME OF LATEST TRANSACTION
- control field: 20190926154830.0
008 - FIXED-LENGTH DATA ELEMENTS
- fixed length control field: 190926|| aca||aabn | a|a d
040 ## - CATALOGING SOURCE
- Original cataloging agency: NUST
- Transcribing agency: NUST
100 ## - HEADING--PERSONAL NAME
- Personal name: Schwartz, Donald R.
670 ## - SOURCE DATA FOUND
- Source citation: Work cat.: (NUST)0: Schwartz, Donald R., D-cracking of concrete pavements /, [1987]
